000 00575nam a22001697a 4500
005 20251108165201.0
008 250721s1990 xx 000 0 ara d
082 1 4 _a581.13/جذو
100 1 _aعيسى، طالب أحمد
_eترجمة
245 1 0 _aالجذور و التدفق الغذائي و المائي و نمو النبات /
264 1 _aبغداد :
_bوزارة التعليم العالي و البحث العلمي،
_c1990.
300 _a192ص
650 1 7 _aعلم النبات
650 1 7 _aتغذية النبات
942 _2ddc
_cBK
999 _c21528
_d21528